000 00661nam a2200133Ia 4500
008 220216s9999 xx 000 0 und d
100 _aPradeep B
245 0 _aNear real-time detection of occurrence of drought stress in natural rubber plantations using MODIS Terra satellite data
260 _bInternational Rubber Conference 2016: Sustainability of the NR Industry: Issues, Challenges & Opportunities, 21-22 November 2016, Cambodian Rubber Research Institute (CRRI) and International Rubber Research and Development Board (IRRDB), Siem Reap, Cambodia
650 _aDrought stress
650 _aMODIS Terra Satellite data
700 _aJacob J
942 _cBS
999 _c49497
_d49497